Food for thought (Record no. 65195)
[ view plain ]
| 000 -LEADER | |
|---|---|
| fixed length control field | 00941cam a2200229 4500 |
| 001 - CONTROL NUMBER | |
| control field | ABS63018 |
| 008 - FIXED-LENGTH DATA ELEMENTS--GENERAL INFORMATION | |
| fixed length control field | 000000n2000 000 0 eng u |
| 035 ## - SYSTEM CONTROL NUMBER | |
| System control number | (Sirsi) u109200 |
| 100 ## - MAIN ENTRY--PERSONAL NAME | |
| Personal name | Casely-Hayford, M. |
| 245 ## - TITLE STATEMENT | |
| Title | Food for thought |
| 260 ## - PUBLICATION, DISTRIBUTION, ETC. | |
| Date of publication, distribution, etc. | 2000 |
| 490 ## - SERIES STATEMENT | |
| Series statement | Estates Gazette |
| Volume/sequential designation | (0044) 4 November 2000, 146(1) |
| 520 ## - SUMMARY, ETC. | |
| Summary, etc. | GM crops have raised doubts over the efficacy of the UK's environmental impact legislation. For no environmental impact assessment on the likely effects of GM crop trials has been required in the UK. Suggests that it is up to the government to show whether the relevant EC directive was properly introduced into domestic legislation. |
| 590 ## - LOCAL NOTE (RLIN) | |
| Local note | ABS |
| 650 ## - SUBJECT ADDED ENTRY--TOPICAL TERM | |
| Topical term or geographic name entry element | ENVIRONMENTAL IMPACT ASSESSMENTS |
| 650 ## - SUBJECT ADDED ENTRY--TOPICAL TERM | |
| Topical term or geographic name entry element | GENETICALLY MODIFIED TRIALS |
| 650 ## - SUBJECT ADDED ENTRY--TOPICAL TERM | |
| Topical term or geographic name entry element | Contamination |
| 9 (RLIN) | 6231 |
| 650 ## - SUBJECT ADDED ENTRY--TOPICAL TERM | |
| Topical term or geographic name entry element | EC DIRECTIVE 85/337 |
| 690 ## - LOCAL SUBJECT ADDED ENTRY--TOPICAL TERM (OCLC, RLIN) | |
| Topical term or geographic name as entry element | ENVIRONMENT-ENVIRONMENTAL LAW |
| 700 ## - ADDED ENTRY--PERSONAL NAME | |
| Personal name | Banks, S. |
| 942 ## - ADDED ENTRY ELEMENTS (KOHA) | |
| Suppress in OPAC | 0 |
| Withdrawn status | Lost status | Source of classification or shelving scheme | Damaged status | Not for loan | Home library | Current library | Shelving location | Date acquired | Total Checkouts | Full call number | Barcode | Date last seen | Copy number | Price effective from | Koha item type |
|---|---|---|---|---|---|---|---|---|---|---|---|---|---|---|---|
| Dewey Decimal Classification | London | London | Journal article | 07/11/2000 | ABS63018 | 109200-1001 | 06/08/2019 | 1 | 06/08/2019 | Journal article |